| 000 | 00960nas a2200289 4500 | ||
|---|---|---|---|
| 001 | BR8001606 | ||
| 003 | BR-BrBNA | ||
| 005 | 20231205084240.0 | ||
| 007 | ta | ||
| 008 | 230509b bl.|||p| |||| 00| 00por d | ||
| 040 |
_aBR-BrBNA _bpor _cBiblioteca Nacional de Agricultura |
||
| 041 | _a(Pt) | ||
| 072 | _aS10 | ||
| 100 | 1 | _aCarvalho, M. da P.M. de | |
| 100 | 1 | _aJablonka, F.H. | |
| 100 | 1 | _aCalvalcanti, G.R.P. | |
| 100 | 1 | _aSiqueira, R.S. | |
| 245 | 1 | _aIdade dos tuberculos de batata-doce e qualidade da farinha [Ipomoea batatas; Proteina; Brasil] | |
| 246 | 1 | _aAge of sweet potato tubers, and quality of flour [Ipomoea batatas; Protein; Brazil] | |
| 650 | _aComposicao de alimento | ||
| 650 | _aBatata doce | ||
| 650 | _aFarinha | ||
| 650 | _aProteina | ||
| 773 | 0 |
_tPesquisa Agropecuaria Brasileira (Brazil) _xISSN 0100-204X _g(Jul 1980), v. 15(3) p. 267-277 _wBR8001606 |
|
| 909 |
_a202311 _bLúcia _c55 _dLúcia Elande |
||
| 942 |
_2AGRIS _n0 _cANA |
||
| 999 |
_c104018 _d104018 |
||